LEADER 01216nam a2200277 a 4500 001 000000122236 003 CaOOAMICUS 005 20100611162734.0 008 100611t2010 gw u000 u ger r 020 $a978-3-7917-2261-0 040 $aPUL$bita$dReb 245 05$a"... und nichts Menschliches ist mir fremd" :$btheologische Grenzgänge /$cOttmar John, Magnus Striet (Hg.) 260 $aRegensburg :$bPustet,$c©2010. 300 $a290 p. ;$c24 cm. 490 1 $aRatio fidei ;$vBd. 41 504 $aBibliografia p. 287-290. 650 4$aTeologia fondamentale.$0(OLS)http://pul/subject/146 700 1 $aJohn, Ottmar,$c1953-$0(OLS)http://pul/name/76676 700 1 $aStriet, Magnus,$d1964-$0(OLS)http://pul/name/50425 830 0$aRatio fidei ;$vBd. 41.$0(OLS)http://pul/title/99457 850 $aPUL 852 $aPUL$W1$xSL Religione 1$y3$m57 M 41$j140307$qStampati$B139475$CPULBib$Z2$F139475 $H113042 $82 941 1 $a8 996 $6020$a978-3-7917-2261-0$9(OLS)http://pul/number/144561 996 $6245$a"... und nichts Menschliches ist mir fremd" :$btheologische Grenzgänge$9(OLS)http://pul/title/153833 996 $6260$aRegensburg :$bPustet$9(OLS)http://pul/publisher/61617 LEADER 01315nam a2200301 u 4500 001 000000048306 003 CaOOAMICUS 005 20070226115002.0 008 000426s1990 sz u000 u ger u 035 $a10846266 040 $aPUL$bita 100 1 $aCarlen, Louis,$d1929-$0(OLS)http://pul/name/30796 245 14$aDer Ritterorden vom Heiligen Grab zu Jerusalem /$cLouis Carlen. 260 $aFreiburg :$bUniversitätsverlag Freiburg Schweiz,$c1990. 300 $aP. 57-89 ;$c18 cm 500 $aEstr. da:"Geschichte und Recht geistlicher Ritterorden besonders in der Schweiz, Band 30, 1990". 504 $aBibliografia in nota. 610 24$aOrdine Equestre del Santo Sepolcro di Gerusalemme.$0(OLS)http://pul/subject/18709 850 $aPUL 852 $aPUL$W1$xDP1 Miscellanee$y10$mMISC.HIST.C$j64398$nBK-PRI$b $qStampati Miscellanee$B64398$CPULBib$Z2$F64398 $H $81 941 1 $a17 960 $aTemplari$918709 960 $aCavalieri del Santo Sepolcro$918709 960 $aOrdine dei Templari$918709 960 $aMilitia Sancti Sepulchri$918709 961 $aINV: 81032 996 $6245$aDer Ritterorden vom Heiligen Grab zu Jerusalem$9(OLS)http://pul/title/65055 996 $6260$aFreiburg :$bUniversitätsverlag Freiburg Schweiz$9(OLS)http://pul/publisher/64689